000 01804cam a22004454i 4500
003 PE-LiUPU
005 20250731173450.0
008 150616s r 000 0 d
035 _a(Sirsi) a6378
040 _aPE-LiUPU
_bspa
_cPE-LiUPU
_erda
049 _aPRUA
082 0 4 _a282.09
_bC13
_221
100 1 _aCaballero Yoccou, Raúl,
_eautor.
245 1 0 _aSobre Esta Roca Edificare Mi Iglesia.
264 1 _aBogotá :
_bUNILIT,
_c1993.
300 _a227 páginas ;
_c20 cm.
336 _atext
_2rdacontent
337 _aunmediated
_2rdamedia
338 _avolume
_2rdacarrier
505 0 _aEnseñanza del Señor Jesús acerca de la iglesia -- Identidad de la iglesia -- La edificare mi iglesia -- Similes de la iglesia universal -- Las iglesias locales -- Funcionamiento de la iglesia local -- Gobierno: Cuidado y vigilancia de la grey -- El ministerio en la iglesia -- Funcionamiento del organismo -- Imposición de manos -- disciplina -- Finanzas -- Ministerio femenino -- Ministerio de la iglesia -- Destino glorioso.
526 _aSEG42
526 _aSEG41
526 _aSEG40
526 _aSEG39
526 _aP94
526 _aP87
526 _aP86
526 _aP85
526 _aP77
526 _aP76
526 _aP35
650 0 4 _aIGLESIA CATOLICA - HISTORIA.
910 _ajck
_bjvq
_cjck
942 _2ddc
_cBOOK
949 _a282.09 C13
_wDEWEY
_c1
_i39595
_lCCODEBUL1
_mBUL
_p00.00
_r0
_sY
_tBOOK
_u19950913
_xTEOLOGIA
_zUNKNOWN
_0COMPRA
_o.STAFF. Colección General
994 _aC0
_bPEPRU
596 _a1
999 _a282.09 C13
_wDEWEY
_c57504
_i39595
_d57504
_e2018-10-10
_f2021-11-11
_g5
_lCCODEBUL1
_mBUL
_n1
_r0
_sY
_tBOOK
_u2015-6-16
_xTEOLOGIA
_zUNKNOWN
_0COMPRA
_o.STAFF. Colección General
980 _81
_gALBERTO SANCHEZ Responsable de Automatización